000 00284nam a2200121Ia 4500
008 190216s9999||||xx |||||||||||||| ||und||
100 _aJeevanandam
245 0 _aPractice And Law Of Banking
260 _bPremier Pub House
_c1978
300 _a334p
650 _aEconomics
942 _cBK
999 _c9504
_d9504